000 00728cab a2200241 4500
001 ABS61059
008 090401t1999 xxu||||| |||| 00| 0 eng d
035 _a(Sirsi) u94
041 _aeng
100 _aAuterac, R.
245 _aPrivate investors show the way.
260 _c1999
350 _a0
490 _aEstates Gazette
_v(9932) 14 August 1999, 67-68(2)
520 _aLooks at the increasing number of private investors in the auctions market and how they are affecting the property market.
650 _aAUCTION MARKET
650 _aPRIVATE INVESTORS
650 _aPROPERTY MARKET
650 _aREAL ESTATE INVESTMENT
690 _aPROPERTY-PROPERTY FINANCE AND INVESTMENT
942 _n0
948 _c01/09/1999
999 _c31
_d31